Contabilidad gerencial y presupuestaria, aplicada a ciencias econm̤icas, administrativas y contables

Detalles Bibliográficos
Autor principal: Cano Morales, Abel Mara̕
Formato: eBook
Lenguaje:español
Publicado: Bogot:̀ Ediciones de la U, 2017
Edición:2da edicin̤
Materias:
Acceso en línea:Acceso restringido

MARC

LEADER 00000nam a22000007a 4500
005 20181221115943.0
007 cr|||| ||||
008 181221s2017 co |||||s|||| 00||0 spa d
020 |a 978-958-762-722-0 
035 |a 22592 
040 |a vLex 
090 |c 8357  |d 8357 
100 1 |a Cano Morales, Abel Mara̕ 
245 1 0 |a Contabilidad gerencial y presupuestaria, aplicada a ciencias econm̤icas, administrativas y contables  |h [Recurso electrn̤ico] /  |c Abel Mara̕ Cano Morales 
250 |a 2da edicin̤ 
256 |a Servicio en ln̕ea 
260 |a Bogot:̀  |b Ediciones de la U,  |c 2017 
300 |a 1 recurso electrn̤ico 
506 1 |a Disponible solo en los productos indicados  |d vLex Global  |d vLex Global (Academic Edition, excluding Law Schools)  |d vLex Global (U.S. Academic Edition, Law Schools)  |d vLex Global (U.S. Academic Edition, excluding Law Schools)  |d vLex Global (Academic Edition, Law Schools) 
650 0 4 |a Economa̕ y negocios  |z Colombia 
740 0 |a vLex Libros (Servicio en ln̕ea) 
856 4 0 |u http://vlex.com/source/contabilidad-gerencial-presupuestaria-aplicada-ciencias-economicas-administrativas-contables-2da-edicion-22592  |z Acceso restringido 
942 |c BOOK 
999 0 |a Economy and business